[Event "Doeberl Cup 62nd"]
[Site "Canberra"]
[Date "2025.04.19"]
[Round "6"]
[White "Radovanovic, Mihajlo"]
[Black "Antonio, Rogelio Jr"]
[Result "0-1"]
[WhiteElo "2434"]
[BlackElo "2363"]
[PlyCount "73"]
[EventDate "2025.04.17"]
[EventType "swiss"]
[EventRounds "9"]
[EventCountry "AUS"]
[SourceTitle "CB17_2025"]
[SourceDate "2025.04.23"]
[SourceVersion "1"]
[SourceVersionDate "2025.04.23"]
[SourceQuality "1"]

1. d4 Nf6 2. Bg5 d5 3. e3 c5 4. Nd2 cxd4 5. exd4 Nc6 6. c3 g6 7. Bd3 Bg7 8. Ngf3 0-0 9. h3 h6 10. Bf4 Nd7 11. 0-0 e5 12. dxe5 Ndxe5 13. Nxe5 Nxe5 14. Nf3 Nc4 15. Qc1 Kh7 16. Rd1 Qa5 17. b3 Nb6 18. Bd6 Nd7 19. Bxf8 Nxf8 20. Qf4 Kg8 21. Ne5 Be6 22. Ng4 Bxg4 23. hxg4 Ne6 24. Qf3 Bxc3 25. Rac1 Bg7 26. Bb1 Rd8 27. Qe3 Bf6 28. g3 Kg7 29. Rc2 Qb4 30. Qxa7 Qxg4 31. Rcd2 Ng5 32. Rd3 Re8 33. Rf1 Re2 34. Re3 Rd2 35. Qb8 Bd4 36. Kg2 h5 37. Rh1 0-1

[Event "AUS-ch op"]
[Site "Melbourne"]
[Date "2025.01.04"]
[Round "3"]
[White "Gao, Arthur"]
[Black "Radovanovic, Mihajlo"]
[Result "0-1"]
[WhiteElo "2016"]
[BlackElo "2429"]
[PlyCount "60"]
[EventDate "2025.01.02"]
[EventType "swiss"]
[EventRounds "9"]
[EventCountry "AUS"]
[SourceTitle "CB03_2025"]
[SourceDate "2025.01.15"]
[SourceVersion "1"]
[SourceVersionDate "2025.01.15"]
[SourceQuality "1"]

1. e4 e5 2. Nf3 Nc6 3. Bc4 d6 4. c3 f5 5. d3 Qf6 6. Bg5 Qg6 7. exf5 Qxf5 8. Nbd2 Be7 9. Bxe7 Ngxe7 10. Qe2 d5 11. Bb3 a5 12. a4 0-0 13. 0-0-0 Kh8 14. Rhe1 Ng6 15. g3 d4 16. h4 Be6 17. Bxe6 Qxe6 18. h5 dxc3 19. bxc3 Nge7 20. Nxe5 Qa2 21. Ndc4 Qxa4 22. f4 b5 23. Nb2 Qa3 24. Qc2 a4 25. Kd2 Na5 26. Ke2 Nd5 27. Ra1 Qxc3 28. Qxc3 Nxc3+ 29. Kd2 b4 30. Kc2 Nb3 0-1

[Event "SRB-chT Premier"]
[Site "Bajina Basta"]
[Date "2024.10.01"]
[Round "5.6"]
[White "Ivanovic, Marko"]
[Black "Radovanovic, Mihajlo"]
[Result "1/2-1/2"]
[WhiteElo "2240"]
[BlackElo "2426"]
[PlyCount "76"]
[EventDate "2024.09.27"]
[EventType "team-tourn"]
[EventRounds "11"]
[EventCountry "SRB"]
[SourceTitle "EXT 2025"]
[Source "ChessBase"]
[SourceDate "2024.10.14"]
[SourceVersion "1"]
[SourceVersionDate "2024.10.14"]
[SourceQuality "1"]
[WhiteTeam "Kac Jugovic"]
[BlackTeam "Belgrade Zmaj"]
[WhiteTeamCountry "SRB"]
[BlackTeamCountry "SRB"]

1. d4 d5 2. c4 e6 3. Nc3 Be7 4. Nf3 Nf6 5. Bg5 h6 6. Bh4 0-0 7. e3 b6 8. Qc2 Bb7 9. Bxf6 Bxf6 10. 0-0-0 Nd7 11. cxd5 exd5 12. g4 g6 13. h4 Bg7 14. h5 g5 15. Bd3 Re8 16. Kb1 a6 17. Bf5 b5 18. Rhe1 Nb6 19. e4 b4 20. Nxd5 Nxd5 21. exd5 Bxd5 22. Ne5 a5 23. Bh7+ Kh8 24. Be4 a4 25. Qc5 Bxe4+ 26. Rxe4 Kg8 27. Rde1 b3 28. axb3 axb3 29. Qc4 Bxe5 30. Qxb3 Re6 31. Rxe5 Rb6 32. Qc3 Qd7 33. d5 f6 34. Re7 Qxd5 35. Re8+ Rxe8 36. Rxe8+ Kf7 37. Qxc7+ Kxe8 38. Qxb6 Qd1+ 1/2-1/2

[Event "SRB-chT Premier"]
[Site "Bajina Basta"]
[Date "2024.09.30"]
[Round "4.6"]
[White "Radovanovic, Mihajlo"]
[Black "Pezelj, Novak"]
[Result "0-1"]
[WhiteElo "2426"]
[BlackElo "2460"]
[PlyCount "60"]
[EventDate "2024.09.27"]
[EventType "team-tourn"]
[EventRounds "11"]
[EventCountry "SRB"]
[SourceTitle "EXT 2025"]
[Source "ChessBase"]
[SourceDate "2024.10.14"]
[SourceVersion "1"]
[SourceVersionDate "2024.10.14"]
[SourceQuality "1"]
[WhiteTeam "Belgrade Zmaj"]
[BlackTeam "Goracici Jelica"]
[WhiteTeamCountry "SRB"]
[BlackTeamCountry "SRB"]

1. e4 g6 2. d4 Bg7 3. Nc3 d6 4. Be3 a6 5. h4 h5 6. Qd2 b5 7. 0-0-0 Bb7 8. f3 Nd7 9. Nh3 e6 10. Ng5 Ne7 11. Kb1 Nb6 12. Qf2 Qd7 13. g3 d5 14. Bc1 f6 15. Nh3 b4 16. Ne2 dxe4 17. fxe4 Bxe4 18. Bg2 Bxg2 19. Qxg2 Qc6 20. Qf2 0-0-0 21. Nhf4 a5 22. d5 Nbxd5 23. Qa7 e5 24. Nxd5 Rxd5 25. c4 Rxd1 26. Rxd1 Rd8 27. Bd2 Qe4+ 28. Kc1 Qxc4+ 29. Kb1 Qxe2 30. Rc1 Qe4+ 0-1

[Event "SRB-chT Premier"]
[Site "Bajina Basta"]
[Date "2024.09.29"]
[Round "3.5"]
[White "Radovanovic, Mihajlo"]
[Black "Alimpic, Aleksa"]
[Result "1-0"]
[WhiteElo "2426"]
[BlackElo "2253"]
[PlyCount "115"]
[EventDate "2024.09.27"]
[EventType "team-tourn"]
[EventRounds "11"]
[EventCountry "SRB"]
[SourceTitle "EXT 2025"]
[Source "ChessBase"]
[SourceDate "2024.10.14"]
[SourceVersion "1"]
[SourceVersionDate "2024.10.14"]
[SourceQuality "1"]
[WhiteTeam "Belgrade Zmaj"]
[BlackTeam "Subotica Spartak"]
[WhiteTeamCountry "SRB"]
[BlackTeamCountry "SRB"]

1. e4 c6 2. d4 d5 3. e5 Bf5 4. Nd2 e6 5. Nb3 a6 6. Nf3 c5 7. Be2 Nc6 8. dxc5 Bxc5 9. Nxc5 Qa5+ 10. c3 Qxc5 11. Be3 Qa5 12. Qb3 Qc7 13. Bb6 Qd7 14. 0-0 Nge7 15. Rad1 0-0 16. c4 Bg4 17. Rfe1 Qc8 18. Rc1 Bh5 19. h3 Re8 20. a3 h6 21. Bf1 Qd7 22. g4 Bg6 23. Rcd1 Qc8 24. Nd2 Nb8 25. Rc1 d4 26. Bxd4 Nec6 27. Bc5 Rd8 28. Bd6 Nd7 29. Nf3 Nf6 30. Qe3 Ne8 31. Bc5 a5 32. b3 Nb8 33. h4 Na6 34. Bb6 Rd7 35. h5 Bh7 36. Rcd1 Nb8 37. g5 hxg5 38. Nxg5 Bc2 39. Rxd7 Nxd7 40. Bd4 Nf8 41. Rc1 Bf5 42. Be2 Qc7 43. Bb6 Qe7 44. Bc5 Qc7 45. f4 Rc8 46. Bd4 Qe7 47. Bf3 Qxa3 48. Ra1 Qe7 49. Rxa5 Rd8 50. Ra7 Rd7 51. Ra8 Rd8 52. Bc5 Qd7 53. Rxd8 Qxd8 54. Qd4 Qa5 55. b4 Qa3 56. Bxf8 Kxf8 57. Qd7 Qe3+ 58. Kg2 1-0

[Event "Belgrade Serbia op"]
[Site "Belgrade"]
[Date "2024.07.15"]
[Round "4"]
[White "Radovanovic, Mihajlo"]
[Black "Ivanov, Mikhail M"]
[Result "0-1"]
[WhiteElo "2438"]
[BlackElo "2252"]
[PlyCount "86"]
[EventDate "2024.07.12"]
[EventType "swiss"]
[EventRounds "9"]
[EventCountry "SRB"]
[SourceTitle "CBM 221 Extra"]
[Source "ChessBase"]
[SourceDate "2024.09.30"]
[SourceVersion "1"]
[SourceVersionDate "2024.09.30"]
[SourceQuality "1"]

1. e4 c5 2. Nf3 e6 3. c3 d5 4. e5 Nh6 5. d4 Nf5 6. Bd3 Nc6 7. dxc5 Bxc5 8. b4 Be7 9. 0-0 0-0 10. Re1 a6 11. a3 f6 12. Bf4 fxe5 13. Nxe5 Bd6 14. Nd2 Bxe5 15. Bxe5 Nxe5 16. Rxe5 Qf6 17. Nf3 Nd6 18. Qc2 g6 19. h4 Nf7 20. Rae1 Bd7 21. R5e3 Rac8 22. h5 Rxc3 23. Qd2 Kg7 24. Nh2 Rxa3 25. Rf3 Qc3 26. Qd1 Ne5 27. h6+ Kg8 28. Rxf8+ Kxf8 29. Bb1 Ra1 30. Nf1 Nf7 31. Nd2 Qxb4 32. Nf3 a5 33. Nd4 Rxb1 34. Qxb1 Qxd4 35. Qxb7 Ke7 36. Rc1 Ne5 37. Qa8 Ng4 38. Rf1 Qf4 39. g3 Qxh6 40. Kg2 Qh2+ 41. Kf3 Ne5+ 42. Ke3 Qh6+ 43. f4 Ng4+ 0-1

[Event "Belgrade Serbia op"]
[Site "Belgrade"]
[Date "2024.07.13"]
[Round "2"]
[White "Radovanovic, Mihajlo"]
[Black "Selbes, Tarik"]
[Result "0-1"]
[WhiteElo "2438"]
[BlackElo "2183"]
[PlyCount "84"]
[EventDate "2024.07.12"]
[EventType "swiss"]
[EventRounds "9"]
[EventCountry "SRB"]
[SourceTitle "CBM 221 Extra"]
[Source "ChessBase"]
[SourceDate "2024.09.30"]
[SourceVersion "1"]
[SourceVersionDate "2024.09.30"]
[SourceQuality "1"]

1. Nf3 Nf6 2. c4 e6 3. Nc3 d5 4. d4 Nbd7 5. cxd5 exd5 6. Bf4 Nb6 7. e3 Bf5 8. h3 Bd6 9. Ne5 0-0 10. g4 Be6 11. Bd3 Ne4 12. Qc2 f6 13. Nf3 Bxf4 14. exf4 Qd6 15. Nxe4 dxe4 16. Bxe4 Bd5 17. Bxh7+ Kh8 18. Nh4 Rfe8+ 19. Kf1 Bxh1 20. Bg6 Qd5 21. Bxe8 Rxe8 22. Qg6 Qb5+ 23. Kg1 Be4 24. f5 Nd5 25. a4 Qd7 26. Qh5+ Kg8 27. Ng6 Ne7 28. Nf4 Bc6 29. Rd1 Qd6 30. d5 Bxa4 31. Rd4 Nxd5 32. Ne6 Bc6 33. g5 Rxe6 34. fxe6 Qxe6 35. Rd1 fxg5 36. Qxg5 Qe4 37. Qg3 Ne7 38. Kh2 Nf5 39. Qg6 Qe5+ 40. Kg1 Nd4 41. h4 Nf3+ 42. Kf1 Bb5+ 0-1

[Event "Gligoric Cup 10th"]
[Site "Paracin"]
[Date "2024.05.22"]
[Round "2.4"]
[White "Radovanovic, Mihajlo"]
[Black "Cirkovic, Vuk"]
[Result "1-0"]
[WhiteElo "2442"]
[BlackElo "1843"]
[PlyCount "83"]
[EventDate "2024.05.21"]
[EventType "team-swiss"]
[EventRounds "5"]
[EventCountry "SRB"]
[SourceTitle "CBM 220 Extra"]
[Source "ChessBase"]
[SourceDate "2024.07.31"]
[SourceVersion "1"]
[SourceVersionDate "2024.07.31"]
[SourceQuality "1"]
[WhiteTeam "Belgrade Zmaj"]
[BlackTeam "Nis Nais"]
[WhiteTeamCountry "SRB"]
[BlackTeamCountry "SRB"]

1. d4 Nf6 2. c4 g6 3. Nc3 Bg7 4. e4 d6 5. h3 0-0 6. Be3 e5 7. d5 a5 8. g4 Na6 9. Nge2 Nc5 10. Ng3 Re8 11. Be2 b6 12. h4 Kf8 13. h5 Ke7 14. g5 Nfd7 15. Kd2 Rh8 16. Bg4 Nb8 17. h6 Bf8 18. f4 Bxg4 19. Qxg4 Nbd7 20. f5 Qe8 21. f6+ Kd8 22. b3 Kc8 23. Rhb1 Kb7 24. Nge2 Nb8 25. Nc1 Nba6 26. a3 Qc8 27. Qxc8+ Kxc8 28. b4 Nb7 29. Nb3 Nb8 30. bxa5 Nxa5 31. Nxa5 Rxa5 32. Rb5 Rxb5 33. Nxb5 Kb7 34. a4 c6 35. Nc3 Na6 36. Rb1 c5 37. a5 Nb4 38. axb6 Bxh6 39. gxh6 Ra8 40. Ke2 Ra6 41. Nb5 Kxb6 42. Rxb4 1-0